000 01266nam a2200301 a 4500
001 BRCA_3311
005 20190320204222.0
008 190309s1871----u--a---###---#000-0#eng-#
041 _aeng
044 _au
084 _a605
_b.L57
_c1871
100 1 _aCervantes Saavedra, Miguel de
_d1547-1616
_9213
245 1 0 _aDon Quixote de la Mancha
_cTranslated from the Spanish of Miguel de Cervantes Saavedra by Charles Jarvis.
260 _aFiladelfia
_bJ. B. Lippincott and Co.
_c1871
300 _a1 v. en 2 partes (635 p.)
_bil. a color
_c19 cm.
500 _aContenido : Primera parte. Prólogo del autor. Segunda parte. Prólogo del autor
500 _aReimpresión de la traducción de Jarvis, publicada en 1868, por los mismos editores, pero con láminas en color, de autor anónimo. Tela Lúdovik Osterc
500 _aQM464
546 _aTexto en : inglés
650 1 4 _aNovela española
_yÉpoca clásica, 1500-1700
_9215
650 1 4 _aLiteratura española
_yÉpoca clásica, 1500-1700
_9216
650 1 4 _aNovela española
_ySiglo XVII
_9217
650 1 4 _aDon Quijote (Personaje ficticio)
_eNovela
_9218
700 1 _aJarvis, Charles
_d?-1739
_eTraductor
_98762
740 0 _aEl Ingenioso Hidalgo Don Quijote de la Mancha
902 _aQFM
942 _2lcc
_cB
999 _c3047
_d3047